[Event "Koge Bugt Efterar 2011"]
[Site "Solrod Skole"]
[Date "2011.10.05"]
[Round "1.1"]
[White "Pondal, Jesper"]
[Black "Larsen, Bo Heine"]
[Result "1/2-1/2"]
[WhiteElo "1970"]
[BlackElo "1817"]
[PlyCount "74"]
[EventDate "2011.??.??"]
[WhiteTeam "Køge Skakklub"]
[BlackTeam "Haslev Skakklub"]

1. d4 d5 2. Nf3 c6 3. Bf4 Bf5 4. e3 Qb6 5. Qc1 Nd7 6. Nbd2 e6 7. Nh4 Bg6 8.
Nxg6 hxg6 9. Bd3 f5 10. Nf3 Be7 11. a3 Ngf6 12. h3 Nh5 13. Bh2 Nhf6 14. Ng5 Nf8
15. c4 Rh5 16. Nf3 N8d7 17. c5 Qd8 18. b4 Ne4 19. Qb2 a6 20. Ke2 Ng5 21. Nd2
Bf6 22. a4 Rh8 23. b5 Nxc5 24. bxc6 bxc6 25. Qc2 Nxd3 26. Qxc6+ Kf7 27. Kxd3
Re8 28. Rab1 Qa5 29. Rb7+ Kg8 30. Bc7 Rec8 31. Nb3 Rxc7 32. Rxc7 Qb4 33. Qxa8+
Kh7 34. Rb7 Qc4+ 35. Kd2 Ne4+ 36. Kd1 Nxf2+ 37. Ke1 Nd3+ 1/2-1/2

[Event "Koge Bugt Efterar 2011"]
[Site "Solrod Skole"]
[Date "2011.10.05"]
[Round "1.2"]
[White "Christensen, Verner"]
[Black "Nielsen, Kai Gylling"]
[Result "1-0"]
[WhiteElo "1910"]
[BlackElo "1910"]
[PlyCount "115"]
[EventDate "2011.??.??"]
[WhiteTeam "Solrød Skakklub"]
[BlackTeam "Roskilde Skakklub"]

1. e4 c5 2. d4 cxd4 3. c3 dxc3 4. Nxc3 e6 5. Nf3 Nc6 6. Bc4 a6 7. O-O Bc5 8.
Qe2 Nge7 9. Rd1 b5 10. Bb3 Qb6 11. Bg5 h6 12. Bh4 O-O 13. Rac1 Ng6 14. Bg3 Ra7
15. e5 Be7 16. Ne4 Rc7 17. h4 Na5 18. Rxc7 Qxc7 19. h5 Nh8 20. Nf6+ gxf6 21.
exf6 Qd8 22. fxe7 Qxe7 23. Bd6 Qf6 24. Bxf8 Kxf8 25. Rc1 Bb7 26. Bd1 Qf4 27.
Qd2 Qxd2 28. Nxd2 Nc6 29. Nb3 f5 30. Nc5 Bc8 31. Nxe6+ Ke7 32. Nf4 Nf7 33. Bb3
Ng5 34. Rc5 Bb7 35. Rxf5 Nd4 36. Ng6+ Kd8 37. Rf8+ Kc7 38. Bd1 a5 39. Ne5 Bd5
40. Rf6 Bxa2 41. Rxh6 Be6 42. Rg6 Nh7 43. Bg4 a4 44. Rg7 Bxg4 45. Nxg4 b4 46.
Ne5 Nf6 47. Nd3 a3 48. bxa3 bxa3 49. Nb4 Nxh5 50. Rg5 Nf4 51. Ra5 Nc6 52. Nxc6
dxc6 53. Rxa3 Kd6 54. g3 Ne6 55. Kf1 c5 56. Rd3+ Nd4 57. Rxd4+ cxd4 58. Ke2 1-0

[Event "Koge Bugt Efterar 2011"]
[Site "Solrod Skole"]
[Date "2011.10.05"]
[Round "1.3"]
[White "Krogh, Peter Ove"]
[Black "Orup, Kim Amdi"]
[Result "1-0"]
[WhiteElo "1906"]
[BlackElo "1830"]
[PlyCount "83"]
[EventDate "2011.??.??"]
[WhiteTeam "Køge Skakklub"]
[BlackTeam "Solrød Skakklub"]

1. c4 f5 2. Nf3 d6 3. d4 e6 4. Nc3 Nf6 5. Bg5 Be7 6. e3 Nbd7 7. h3 h6 8. Bf4 g5
9. Bh2 b6 10. Qc2 Bb7 11. d5 e5 12. Qxf5 Nf8 13. Qc2 a6 14. Bd3 Kf7 15. Nd2 c6
16. O-O a5 17. dxc6 Bxc6 18. Rad1 Kg7 19. Nce4 Qb8 20. Nc3 Qb7 21. f4 e4 22.
Ndxe4 Nxe4 23. Bxe4 Bxe4 24. Qxe4 Qa7 25. f5 Nh7 26. Nd5 Rae8 27. Qd4+ Bf6 28.
Nxf6 Nxf6 29. Bxd6 Re4 30. Qc3 Rhe8 31. Rfe1 Kf7 32. c5 b5 33. Rd4 g4 34. hxg4
Nxg4 35. Rxe4 Rxe4 36. Qb3+ Kf6 37. Qd5 Re8 38. Qd4+ Kg5 39. Qf4+ Kh5 40. Qf3
Qg7 41. Bf4 Qf6 42. g3 1-0

[Event "Koge Bugt Efterar 2011"]
[Site "Solrod Skole"]
[Date "2011.10.05"]
[Round "1.4"]
[White "Hansen, Erik Levin"]
[Black "Nielsen, Steen"]
[Result "0-1"]
[WhiteElo "1796"]
[BlackElo "1732"]
[PlyCount "46"]
[EventDate "2011.??.??"]
[WhiteTeam "Haslev Skakklub"]
[BlackTeam "Solrød Skakklub"]

1. Nc3 d5 2. e4 c6 3. Nf3 Qc7 4. exd5 cxd5 5. Nxd5 Qa5 6. Bb5+ Bd7 7. Bxd7+
Nxd7 8. Ne3 Ngf6 9. O-O e6 10. d4 Be7 11. Qe2 O-O 12. c4 Rfd8 13. Bd2 Qc7 14.
Rfd1 Ne4 15. d5 e5 16. Nf5 Ndf6 17. Nxe7+ Qxe7 18. a3 a5 19. Be3 a4 20. Rac1
Nd7 21. Nd2 Nec5 22. f4 exf4 23. d6 Qxe3+ 0-1

[Event "Koge Bugt Efterar 2011"]
[Site "Solrod Skole"]
[Date "2011.10.05"]
[Round "1.5"]
[White "Dyremose, Flemming"]
[Black "Refsgaard, Kaj"]
[Result "0-1"]
[WhiteElo "1720"]
[BlackElo "1738"]
[PlyCount "69"]
[EventDate "2011.??.??"]
[WhiteTeam "Brøndbyernes Skakklub"]
[BlackTeam "Jernbanens Skakklub"]

1. d4 d5 2. c4 c6 3. Nc3 Nf6 4. Nf3 g6 5. e3 Bg7 6. Bd3 O-O 7. O-O Nbd7 8. b3
Nb6 9. Bb2 Re8 10. Rc1 Bg4 11. h3 Bc8 12. Ne2 Nbd7 13. cxd5 cxd5 14. Qc2 Nb6
15. Qc7 e6 16. Rc2 Qxc7 17. Rxc7 Rb8 18. Ba3 Bf8 19. Bxf8 Rxf8 20. Ne5 Nfd7 21.
Bb5 Rd8 22. Nxd7 Nxd7 23. Rfc1 a6 24. Bd3 Nb6 25. g4 Bd7 26. R7c3 Rdc8 27. h4
Rxc3 28. Rxc3 Rc8 29. f4 a5 30. Kf2 Kf8 31. h5 a4 32. Ke1 Rxc3 33. Nxc3 axb3
34. axb3 Ke7 35. Nb5 0-1

[Event "Koge Bugt Efterar 2011"]
[Site "Solrod Skole"]
[Date "2011.10.05"]
[Round "1.6"]
[White "Hellum, Oliver"]
[Black "Ambirk, Jan Robert"]
[Result "0-1"]
[WhiteElo "1481"]
[BlackElo "1801"]
[PlyCount "84"]
[EventDate "2011.??.??"]
[WhiteTeam "BMS Skak"]
[BlackTeam "Vordingborg Skakklub"]

1. d4 d6 2. c4 g6 3. Nc3 Bg7 4. e4 Nc6 5. d5 Nd4 6. Be3 c5 7. Nge2 Nxe2 8. Bxe2
Qa5 9. Qd2 Nf6 10. O-O Ng4 11. Bxg4 Bxg4 12. f3 Bd7 13. Kh1 O-O 14. Bh6 a6 15.
Bxg7 Kxg7 16. f4 b5 17. cxb5 axb5 18. f5 f6 19. Rf3 b4 20. Ne2 g5 21. Rg3 Qb5
22. Nf4 Rxa2 23. Rg1 Kf7 24. Qd1 Qb8 25. Qh5+ Kg8 26. Nh3 Qe8 27. Qh6 Qf7 28.
Nxg5 fxg5 29. Rxg5+ Kh8 30. g4 Rg8 31. Rh5 Qg7 32. Qf4 Be8 33. Rh6 Qg5 34. Qxg5
Rxg5 35. h4 Rg7 36. g5 Kg8 37. h5 Rxb2 38. g6 hxg6 39. Rhxg6 Bxg6 40. fxg6 Rb3
41. Kh2 Re3 42. h6 Rxe4 0-1

[Event "Koge Bugt Efterar 2011"]
[Site "Solrod Skole"]
[Date "2011.10.05"]
[Round "1.7"]
[White "Larsen, Paul M"]
[Black "Grum-Schwensen, Jens"]
[Result "1-0"]
[WhiteElo "1641"]
[BlackElo "1300"]
[PlyCount "59"]
[EventDate "2011.??.??"]
[WhiteTeam "Haslev Skakklub"]
[BlackTeam "Brøndbyernes Skakklub"]

1. Nf3 d5 2. d4 e6 3. e3 Nf6 4. c4 Bb4+ 5. Nc3 c6 6. a3 Bd6 7. c5 Bc7 8. Bd3
Nbd7 9. O-O b6 10. b4 h6 11. Qe2 e5 12. dxe5 Nxe5 13. Nxe5 Bxe5 14. Bb2 O-O 15.
Rad1 Ng4 16. h3 Nf6 17. f4 Bc7 18. e4 bxc5 19. bxc5 Re8 20. e5 d4 21. Be4 Nxe4
22. Qxe4 Bb7 23. Rxd4 Qe7 24. Na4 Rad8 25. Rfd1 f6 26. Rxd8 Rxd8 27. Qc4+ Kf8
28. Rxd8+ Qxd8 29. Qe2 Ke7 30. exf6+ 1-0

[Event "Koge Bugt Efterar 2011"]
[Site "Solrod Skole"]
[Date "2011.10.05"]
[Round "1.8"]
[White "Wieland, Carsten"]
[Black "Jørgensen, Leif"]
[Result "0-1"]
[WhiteElo "1537"]
[BlackElo "1661"]
[PlyCount "60"]
[EventDate "2011.??.??"]
[WhiteTeam "Solrød Skakklub"]
[BlackTeam "Solrød Skakklub"]

1. d4 d5 2. Nf3 Nc6 3. e3 Nf6 4. Nbd2 Bf5 5. Bb5 Qd6 6. O-O a6 7. Bxc6+ Qxc6 8.
Ne5 Qxc2 9. Qf3 Bg6 10. Re1 Qf5 11. Qd1 c6 12. g4 Qc8 13. f4 h6 14. f5 Bh7 15.
h3 Qc7 16. Qf3 Nd7 17. Nxd7 Qxd7 18. e4 O-O-O 19. e5 e6 20. f6 g5 21. a3 c5 22.
Qc3 c4 23. b3 b5 24. bxc4 dxc4 25. Qa5 Qxd4+ 26. Kf1 Bd3+ 27. Kg2 Qd5+ 28. Kh2
Qb7 29. a4 b4 30. Nf1 Rd5 0-1

[Event "Koge Bugt Efterar 2011"]
[Site "Solrod Skole"]
[Date "2011.10.05"]
[Round "1.9"]
[White "Trærup, Jørgen"]
[Black "Dyremose, Morten Sigvart"]
[Result "1-0"]
[WhiteElo "1705"]
[BlackElo "1135"]
[PlyCount "95"]
[EventDate "2011.??.??"]
[WhiteTeam "BMS Skak"]
[BlackTeam "Brøndbyernes Skakklub"]

1. d4 d5 2. c4 dxc4 3. e4 e6 4. Bxc4 Nc6 5. Nf3 Bb4+ 6. Nc3 h6 7. O-O Nf6 8.
Re1 O-O 9. a3 Bxc3 10. bxc3 b6 11. Bf4 Na5 12. Ba2 Bb7 13. e5 Nd5 14. Bd2 Ne7
15. Bb1 Nc4 16. Qc2 Ng6 17. Be3 Bxf3 18. gxf3 Nxe3 19. Rxe3 Qg5+ 20. Kh1 f5 21.
Ba2 Nf4 22. Rg1 Qe7 23. Qc1 Qh4 24. Qf1 g5 25. Rg3 Rac8 26. Re1 Rfd8 27. Rd1 c5
28. a4 cxd4 29. cxd4 Qh5 30. Bb3 Rc3 31. Bc4 Rxf3 32. Be2 Nxe2 33. Qxe2 g4 34.
Qxf3 Qg5 35. Qg2 h5 36. Rgd3 Rd5 37. h3 Kf7 38. hxg4 hxg4 39. Rg3 Qh6+ 40. Qh2
Qf8 41. Rc3 Rd7 42. Qh7+ Ke8 43. Rc8+ Rd8 44. Qg6+ Kd7 45. Rxd8+ Qxd8 46. Qf6
Ke8 47. Qxd8+ Kxd8 48. Rc1 1-0

[Event "Koge Bugt Efterar 2011"]
[Site "Solrod Skole"]
[Date "2011.10.05"]
[Round "1.10"]
[White "Kieldsen, Seier"]
[Black "Krag-Jacobsen, Alan"]
[Result "1/2-1/2"]
[WhiteElo "1000"]
[BlackElo "1683"]
[PlyCount "58"]
[EventDate "2011.??.??"]
[WhiteTeam "Solrød Skakklub"]
[BlackTeam "Solrød Skakklub"]

1. d4 Nf6 2. Nc3 d5 3. Nf3 e6 4. a3 Nbd7 5. Bg5 Be7 6. e3 a6 7. Bd3 c5 8. O-O
c4 9. Be2 Qc7 10. Bf4 Bd6 11. Qd2 O-O 12. h3 b5 13. b4 cxb3 14. cxb3 Bxf4 15.
exf4 Bb7 16. Ne5 Rac8 17. Rfc1 Qb8 18. Rc2 Rc7 19. Bf3 Rfc8 20. Rac1 Qa8 21.
Ne2 Rxc2 22. Rxc2 Nb6 23. Rc3 Ne4 24. Rxc8+ Qxc8 25. Qe3 Nf6 26. Bg4 Nxg4 27.
Nxg4 Nd7 28. Ne5 Nf6 29. f3 Qc2 1/2-1/2

[Event "Køge Bugt Efterår 2011"]
[Site "Solrod Skole"]
[Date "2011.10.12"]
[Round "2.1"]
[White "Christensen, Verner"]
[Black "Krogh, Peter Ove"]
[Result "1/2-1/2"]
[WhiteElo "1910"]
[BlackElo "1906"]
[PlyCount "57"]
[EventDate "2011.??.??"]
[WhiteTeam "Solrød Skakklub"]
[BlackTeam "Køge Skakklub"]

1. e4 c5 2. Nf3 a6 3. d4 cxd4 4. Nxd4 Nf6 5. Nc3 e5 6. Nf5 d5 7. Bg5 Bxf5 8.
exf5 d4 9. Ne4 Nbd7 10. Bd3 Bb4+ 11. c3 dxc3 12. bxc3 Be7 13. Bxf6 Nxf6 14. O-O
O-O 15. Qf3 Qc7 16. g4 Rac8 17. Rac1 Nxe4 18. Qxe4 Bg5 19. Rc2 f6 20. Rb1 Qa5
21. Bc4+ Kh8 22. Rxb7 Rfd8 23. Bb3 Rxc3 24. Rxc3 Qxc3 25. Qd5 Qc1+ 26. Kg2 Qc8
27. Qf7 Bh6 28. Qc7 Qxc7 29. Rxc7 1/2-1/2

[Event "Køge Bugt Efterår 2011"]
[Site "Solrod Skole"]
[Date "2011.10.12"]
[Round "2.2"]
[White "Nielsen, Kai Gylling"]
[Black "Pondal, Jesper"]
[Result "1/2-1/2"]
[WhiteElo "1910"]
[BlackElo "1970"]
[PlyCount "44"]
[EventDate "2011.??.??"]
[WhiteTeam "Roskilde Skakklub"]
[BlackTeam "Køge Skakklub"]

1. Nf3 d5 2. b3 c5 3. Bb2 Nc6 4. e3 a6 5. d4 cxd4 6. Nxd4 Qc7 7. c4 e6 8. Nd2
Nf6 9. Be2 Be7 10. Rc1 Bd7 11. O-O Rc8 12. Nxc6 Bxc6 13. cxd5 Nxd5 14. Nf3 O-O
15. Be5 Qd8 16. Nd4 Bd7 17. Rxc8 Qxc8 18. Bc4 Nb6 19. Bd3 g6 20. Qd2 Qc5 21.
Nf3 Qb4 22. Rd1 Qxd2 1/2-1/2

[Event "Køge Bugt Efterår 2011"]
[Site "Solrod Skole"]
[Date "2011.10.12"]
[Round "2.3"]
[White "Larsen, Bo Heine"]
[Black "Orup, Kim Amdi"]
[Result "0-1"]
[WhiteElo "1817"]
[BlackElo "1830"]
[PlyCount "118"]
[EventDate "2011.??.??"]
[WhiteTeam "Haslev Skakklub"]
[BlackTeam "Solrød Skakklub"]

1. e4 e5 2. Nf3 d6 3. h3 Nc6 4. d4 Bd7 5. d5 Nce7 6. Nc3 a6 7. a4 f5 8. Ng5 f4
9. g3 h6 10. Ne6 Bxe6 11. dxe6 fxg3 12. fxg3 Nf6 13. Be3 Qc8 14. Bc4 b6 15. Rf1
Qb7 16. Rxf6 gxf6 17. Qh5+ Kd8 18. Qf7 c6 19. b4 Kc7 20. a5 bxa5 21. bxa5 Qb4
22. Bb6+ Kb7 23. Kd2 Qxc4 24. Rb1 Rc8 25. Bd8+ Ka8 26. Bb6 Rg8 27. g4 Rg7 28.
Qxf6 Rg6 29. Qf2 Qxe6 30. Qe2 Kb7 31. Na4 Qa2 32. Nc3 Qe6 33. Be3+ Kc7 34. Qxa6
Kd7 35. Qe2 d5 36. Bc5 dxe4 37. Qxe4 Nd5 38. Rb7+ Nc7 39. a6 Bxc5 40. a7 Qd6+
41. Ke2 Ra8 42. Qf5+ Qe6 43. Qd3+ Kc8 44. Na4 Bxa7 45. Rb3 Nb5 46. Rb4 Nd4+ 47.
Ke1 Nb5 48. c4 Qf6 49. cxb5 Qf2+ 50. Kd1 Qg1+ 51. Kc2 Qg2+ 52. Kc3 Bd4+ 53. Kb3
Qd5+ 54. Qc4 Qxc4+ 55. Rxc4 Kb7 56. bxc6+ Kc7 57. Nc3 Bxc3 58. Rxc3 Rxc6 59.
Re3 Rb8+ 0-1

[Event "Køge Bugt Efterår 2011"]
[Site "Solrod Skole"]
[Date "2011.10.12"]
[Round "2.4"]
[White "Nielsen, Steen"]
[Black "Ambirk, Jan Robert"]
[Result "1/2-1/2"]
[WhiteElo "1732"]
[BlackElo "1801"]
[PlyCount "38"]
[EventDate "2011.??.??"]
[WhiteTeam "Solrød Skakklub"]
[BlackTeam "Vordingborg Skakklub"]

1. d4 f5 2. g3 Nf6 3. Bg2 e6 4. Nf3 d5 5. O-O Bd6 6. c4 c6 7. b3 Qe7 8. Ne5 O-O
9. Nd2 Bd7 10. Bb2 b6 11. Ndf3 Na6 12. Nd3 Be8 13. Nfe5 Ng4 14. cxd5 Bxe5 15.
dxe5 cxd5 16. Nf4 Bc6 17. Rc1 Bb7 18. h3 Nh6 19. Qd2 Rfc8 1/2-1/2

[Event "Køge Bugt Efterår 2011"]
[Site "Solrod Skole"]
[Date "2011.10.12"]
[Round "2.5"]
[White "Refsgaard, Kaj"]
[Black "Hansen, Erik Levin"]
[Result "1/2-1/2"]
[WhiteElo "1738"]
[BlackElo "1796"]
[PlyCount "57"]
[EventDate "2011.??.??"]
[WhiteTeam "Jernbanens Skakklub"]
[BlackTeam "Haslev Skakklub"]

1. Nf3 b5 2. g3 Bb7 3. Bg2 Nf6 4. c3 e6 5. d4 d5 6. O-O Nbd7 7. Re1 Be7 8. Qc2
c5 9. Bf4 Rc8 10. Qb3 Qb6 11. Nbd2 O-O 12. Ne5 c4 13. Nxd7 Nxd7 14. Qc2 f5 15.
Nf3 h6 16. Qd2 Kh7 17. h4 Bd6 18. Be3 Qc7 19. Qc2 Kh8 20. Qd2 f4 21. gxf4 Bxf4
22. Bxf4 Qxf4 23. Qxf4 Rxf4 24. e3 Rf6 25. Kh2 Rcf8 26. Kg3 Rg6+ 27. Kh3 Bc8
28. Kh2 Rgf6 29. Kg3 1/2-1/2

[Event "Køge Bugt Efterår 2011"]
[Site "Solrod Skole"]
[Date "2011.10.12"]
[Round "2.6"]
[White "Larsen, Paul M"]
[Black "Dyremose, Flemming"]
[Result "0-1"]
[WhiteElo "1641"]
[BlackElo "1720"]
[PlyCount "70"]
[EventDate "2011.??.??"]
[WhiteTeam "Haslev Skakklub"]
[BlackTeam "Brøndbyernes Skakklub"]

1. d4 d5 2. c4 dxc4 3. Nc3 e6 4. e3 Nf6 5. Bxc4 b6 6. Nge2 Bb7 7. f3 Be7 8. O-O
O-O 9. a3 c5 10. dxc5 Bxc5 11. b4 Be7 12. Qb3 a6 13. Nd4 b5 14. Be2 Nbd7 15.
Rd1 Qc7 16. Bb2 Rac8 17. Rac1 Qb8 18. a4 bxa4 19. Qxa4 Nb6 20. Qa5 Nc4 21. Bxc4
Rxc4 22. Na2 Rfc8 23. Rxc4 Rxc4 24. Rc1 Rxc1+ 25. Bxc1 Qc8 26. e4 Bd8 27. Qa3
Bb6 28. Be3 Nd7 29. Nf5 exf5 30. Bxb6 Nxb6 31. Qa5 Qe6 32. e5 g6 33. Nc3 Kg7
34. Qc5 Nd7 35. Qd4 Qb6 0-1

[Event "Køge Bugt Efterår 2011"]
[Site "Solrod Skole"]
[Date "2011.10.12"]
[Round "2.7"]
[White "Jørgensen, Leif"]
[Black "Hellum, Oliver"]
[Result "1-0"]
[WhiteElo "1661"]
[BlackElo "1481"]
[PlyCount "53"]
[EventDate "2011.??.??"]
[WhiteTeam "Solrød Skakklub"]
[BlackTeam "BMS Skak"]

1. e4 c5 2. Nf3 d6 3. Nc3 Nf6 4. d4 cxd4 5. Qxd4 e5 6. Qa4+ Bd7 7. Bb5 Nc6 8.
Bg5 Be7 9. O-O-O a6 10. Bxc6 Bxc6 11. Qc4 Rc8 12. Nxe5 Bd5 13. Qa4+ b5 14. Qxa6
dxe5 15. Bxf6 Bxf6 16. Rxd5 Qc7 17. Qxb5+ Ke7 18. Rhd1 Rhd8 19. Rxd8 Bg5+ 20.
Kb1 Rxd8 21. Nd5+ Kf8 22. Qb4+ Kg8 23. Rd3 Qa7 24. Rf3 Rb8 25. Qc3 f6 26. Qc4
Kh8 27. Qc7 1-0

[Event "Køge Bugt Efterår 2011"]
[Site "Solrod Skole"]
[Date "2011.10.12"]
[Round "2.8"]
[White "Krag-Jacobsen, Alan"]
[Black "Trærup, Jørgen"]
[Result "1/2-1/2"]
[WhiteElo "1683"]
[BlackElo "1705"]
[PlyCount "87"]
[EventDate "2011.??.??"]
[WhiteTeam "Solrød Skakklub"]
[BlackTeam "BMS Skak"]

1. e4 e5 2. Nf3 Nc6 3. Bb5 Nf6 4. O-O Bd6 5. d3 h6 6. Nc3 Ne7 7. Bd2 a6 8. Ba4
O-O 9. a3 Ng6 10. Ne2 c5 11. Bc3 Bc7 12. Qd2 d6 13. Kh1 Bg4 14. Neg1 Qc8 15.
Bb3 b5 16. Rfe1 a5 17. Qc1 a4 18. Ba2 Bh5 19. Bd2 Kh7 20. c4 Ng4 21. Be3 Nf4
22. Qc2 b4 23. axb4 cxb4 24. Qd2 b3 25. Red1 bxa2 26. Bxf4 exf4 27. h3 Ne5 28.
Qxf4 Ng6 29. Qd2 Ne5 30. Qf4 Ng6 31. Qd2 Qd7 32. Rxa2 Rfe8 33. Rda1 Ne5 34.
Nxe5 Rxe5 35. Qc2 Rea5 36. Rf1 f6 37. f4 Be8 38. f5 Bb6 39. Ne2 Bf7 40. Nc3 Bd4
41. Ne2 Bc5 42. Nc3 Bb4 43. Ne2 Bc5 44. Nc3 1/2-1/2

[Event "Køge Bugt Efterår 2011"]
[Site "Solrod Skole"]
[Date "2011.10.12"]
[Round "2.9"]
[White "Grum-Schwensen, Jens"]
[Black "Kieldsen, Seier"]
[Result "0-1"]
[WhiteElo "1300"]
[BlackElo "1000"]
[PlyCount "100"]
[EventDate "2011.??.??"]
[WhiteTeam "Brøndbyernes Skakklub"]
[BlackTeam "Solrød Skakklub"]

1. d4 d5 2. c4 c6 3. Nf3 Bf5 4. e3 Nf6 5. Bd3 Bxd3 6. Qxd3 e6 7. O-O h6 8. Nc3
Be7 9. e4 Bb4 10. cxd5 Bxc3 11. bxc3 cxd5 12. Qb5+ Qd7 13. Qxd7+ Nbxd7 14. e5
Ne4 15. Bb2 Rc8 16. Rac1 Nb6 17. Rfd1 O-O 18. Rd3 Na4 19. Ba1 Rc6 20. Nd2 Rfc8
21. Nxe4 dxe4 22. Re3 f5 23. f4 g6 24. Kf1 b5 25. a3 a5 26. Ke1 b4 27. axb4
axb4 28. Kd2 b3 29. Rb1 Rb6 30. Bb2 g5 31. g3 Kf7 32. h3 Ra6 33. Ba3 Nxc3 34.
Rxb3 Nd5 35. Rb7+ Kg6 36. Reb3 Rc3 37. Rxc3 Nxc3 38. Kxc3 Rxa3+ 39. Rb3 Ra2 40.
Kc4 Rc2+ 41. Rc3 Rh2 42. fxg5 Rxh3 43. gxh6 Kxh6 44. d5 exd5+ 45. Kxd5 Kg6 46.
e6 Kf6 47. Kd6 Rh2 48. Rc4 e3 49. Rc6 Rd2+ 50. Kc5 Rc2+ 0-1

[Event "Køge Bugt Efterår 2011"]
[Site "Solrod Skole"]
[Date "2011.10.19"]
[Round "3.1"]
[White "Krogh, Peter Ove"]
[Black "Jørgensen, Leif"]
[Result "0-1"]
[WhiteElo "1906"]
[BlackElo "1661"]
[PlyCount "78"]
[EventDate "2011.??.??"]
[WhiteTeam "Køge Skakklub"]
[BlackTeam "Solrød Skakklub"]

1. c4 Nf6 2. Nc3 d5 3. cxd5 Nxd5 4. e4 Nxc3 5. bxc3 g6 6. d4 Bg7 7. Bc4 O-O 8.
Ne2 Nc6 9. O-O Na5 10. Bd3 Nc6 11. Be3 e5 12. d5 Ne7 13. Qb3 Kh8 14. f4 f5 15.
fxe5 Bxe5 16. Bh6 Bg7 17. Bg5 Bf6 18. Bxf6+ Rxf6 19. e5 Rb6 20. Qa3 Nxd5 21.
Rf3 Qe7 22. Qa4 Qxe5 23. Re1 Nxc3 24. Qa3 Nxe2+ 25. Rxe2 Qd4+ 26. Kf1 Be6 27.
Rfe3 Re8 28. g3 Qg7 29. Bc4 Qa1+ 30. Re1 Bxc4+ 31. Kg1 Qd4 32. h3 Rb1 33. Kg2
Rb2+ 34. Kh1 Bd5+ 35. Kg1 Rg2+ 36. Kf1 Qc4+ 37. Rd3 Rxe1+ 38. Kxe1 Qe4+ 39. Re3
Qb1+ 0-1

[Event "Køge Bugt Efterår 2011"]
[Site "Solrod Skole"]
[Date "2011.10.19"]
[Round "3.2"]
[White "Trærup, Jørgen"]
[Black "Christensen, Verner"]
[Result "0-1"]
[WhiteElo "1705"]
[BlackElo "1910"]
[PlyCount "60"]
[EventDate "2011.??.??"]
[WhiteTeam "BMS Skak"]
[BlackTeam "Solrød Skakklub"]

1. d4 Nf6 2. c4 g6 3. Nc3 d5 4. e3 Bg7 5. Nf3 O-O 6. b3 Bg4 7. Be2 c6 8. O-O
Na6 9. Bb2 Nc7 10. h3 Bd7 11. Ne5 Be6 12. c5 Nd7 13. Ng4 f5 14. Nh2 f4 15. Nf3
fxe3 16. fxe3 Bf5 17. Nh2 e5 18. Bg4 Qg5 19. Rf3 Bxg4 20. hxg4 Rxf3 21. Qxf3
exd4 22. Nd1 dxe3 23. Bxg7 Kxg7 24. b4 d4 25. a3 Rf8 26. Qe4 Qe5 27. Qxe5+ Nxe5
28. Ra2 Nd5 29. Rb2 d3 30. g5 e2 0-1

[Event "Køge Bugt Efterår 2011"]
[Site "Solrod Skole"]
[Date "2011.10.19"]
[Round "3.3"]
[White "Ambirk, Jan Robert"]
[Black "Refsgaard, Kaj"]
[Result "1-0"]
[WhiteElo "1801"]
[BlackElo "1738"]
[PlyCount "61"]
[EventDate "2011.??.??"]
[WhiteTeam "Vordingborg Skakklub"]
[BlackTeam "Jernbanens Skakklub"]

1. e4 c5 2. Nc3 Nc6 3. g3 g6 4. Bg2 Bg7 5. d3 d6 6. Be3 Nf6 7. h3 O-O 8. Nge2
Bd7 9. O-O a6 10. Qd2 Re8 11. f4 Qc8 12. g4 Rb8 13. Ng3 Rf8 14. f5 b5 15. g5
Ne8 16. f6 exf6 17. Nd5 Qd8 18. gxf6 Nxf6 19. Bg5 Qa5 20. Qxa5 Nxa5 21. Bxf6
Be6 22. Bxg7 Kxg7 23. Nf6 Rb7 24. e5 Rb6 25. exd6 c4 26. Nge4 cxd3 27. cxd3 Bf5
28. Nd5 Rb7 29. Nc5 Ra7 30. Ne7 Bd7 31. b4 1-0

[Event "Køge Bugt Efterår 2011"]
[Site "Solrod Skole"]
[Date "2011.10.19"]
[Round "3.4"]
[White "Orup, Kim Amdi"]
[Black "Kieldsen, Seier"]
[Result "1-0"]
[WhiteElo "1830"]
[BlackElo "1000"]
[PlyCount "89"]
[EventDate "2011.??.??"]
[WhiteTeam "Solrød Skakklub"]
[BlackTeam "Solrød Skakklub"]

1. a3 d5 2. f4 Nh6 3. e3 Nd7 4. d3 c6 5. Be2 Nf6 6. h3 Nf5 7. g4 Ng3 8. Rh2
Nxe2 9. Qxe2 e6 10. g5 Nd7 11. Nf3 f6 12. h4 g6 13. h5 Bg7 14. hxg6 hxg6 15.
Rxh8+ Bxh8 16. Qh2 Bg7 17. Qh7 Qe7 18. Qxg6+ Qf7 19. Qxf7+ Kxf7 20. g6+ Kxg6
21. Bd2 Kf7 22. Nc3 b5 23. b4 Bb7 24. O-O-O a5 25. Ne2 axb4 26. Bxb4 c5 27. Bc3
Rxa3 28. Kb2 Ra4 29. Ra1 Rxa1 30. Kxa1 e5 31. Nd2 d4 32. exd4 exd4 33. Bb2 Bh6
34. Bc1 Bd5 35. Kb1 Ke6 36. Nf1 Bf3 37. Neg3 Bg2 38. f5+ Kd5 39. Bxh6 c4 40.
Nd2 Ne5 41. dxc4+ bxc4 42. Nh5 Be4 43. Nxf6+ Kd6 44. Nfxe4+ Kd5 45. Nf6+ 1-0

[Event "Køge Bugt Efterår 2011"]
[Site "Solrod Skole"]
[Date "2011.10.19"]
[Round "3.5"]
[White "Dyremose, Flemming"]
[Black "Krag-Jacobsen, Alan"]
[Result "1-0"]
[WhiteElo "1720"]
[BlackElo "1683"]
[PlyCount "103"]
[EventDate "2011.??.??"]
[WhiteTeam "Brøndbyernes Skakklub"]
[BlackTeam "Solrød Skakklub"]

1. d4 Nf6 2. c4 e6 3. Nc3 Bb4 4. a3 Bxc3+ 5. bxc3 d5 6. e3 O-O 7. Bd3 b6 8.
cxd5 Qxd5 9. Qf3 Bb7 10. Qxd5 Bxd5 11. Nf3 Nbd7 12. c4 Bb7 13. a4 c5 14. Ke2
Rac8 15. a5 Rfd8 16. Rg1 h6 17. Nd2 Ra8 18. f3 cxd4 19. exd4 Nf8 20. Nb3 N8d7
21. Be3 Rac8 22. Rgb1 Ba8 23. Nd2 Rc7 24. Ra4 Rdc8 25. h3 Bc6 26. Ra3 Ba8 27.
Ne4 Nxe4 28. fxe4 bxa5 29. Rxa5 Nf6 30. d5 exd5 31. exd5 Re8 32. Kd2 Ne4+ 33.
Bxe4 Rce7 34. Bd3 Rxe3 35. Rxa7 Bxd5 36. cxd5 Rg3 37. Bf1 Rg5 38. Rd7 Rg6 39.
Rbb7 Rf6 40. Be2 Rf2 41. Re7 Rxe7 42. Rxe7 Rf6 43. Re8+ Kh7 44. Rd8 Kg6 45. g4
Kg5 46. Ke3 Kh4 47. Rc8 Rb6 48. Rc7 Rb3+ 49. Kd4 Rxh3 50. d6 Ra3 51. d7 Ra4+
52. Bc4 1-0

[Event "Køge Bugt Efterår 2011"]
[Site "Solrod Skole"]
[Date "2011.10.19"]
[Round "3.6"]
[White "Dyremose, Morten Sigvart"]
[Black "Larsen, Paul M"]
[Result "1/2-1/2"]
[WhiteElo "1135"]
[BlackElo "1641"]
[PlyCount "72"]
[EventDate "2011.??.??"]
[WhiteTeam "Brøndbyernes Skakklub"]
[BlackTeam "Haslev Skakklub"]

1. e4 c6 2. d4 d5 3. exd5 cxd5 4. Nc3 g6 5. Nf3 Bg7 6. Bf4 Nf6 7. Bb5+ Nbd7 8.
O-O O-O 9. Qd3 a6 10. Bxd7 Bxd7 11. Ne5 Bf5 12. Qe2 Ne4 13. Nxe4 Bxe4 14. Rac1
f6 15. Nf3 Qb6 16. c4 Bxf3 17. Qxf3 Qxd4 18. Qxd5+ Qxd5 19. cxd5 Rac8 20. Rfd1
Rxc1 21. Rxc1 Rd8 22. Rd1 e5 23. Be3 Bf8 24. a3 Be7 25. b4 Bd6 26. Bc5 Kf7 27.
f3 f5 28. g3 Kf6 29. Kf2 g5 30. g4 fxg4 31. fxg4 Ke7 32. Ke2 Rf8 33. Rf1 Rxf1
34. Kxf1 e4 35. h3 Kd7 36. Ke2 Be5 1/2-1/2

[Event "Køge Bugt Efterår 2011"]
[Site "Solrod Skole"]
[Date "2011.10.19"]
[Round "3.7"]
[White "Hansen, Erik Levin"]
[Black "Nielsen, Kai Gylling"]
[Result "1-0"]
[WhiteElo "1796"]
[BlackElo "1910"]
[PlyCount "103"]
[EventDate "2011.??.??"]
[WhiteTeam "Haslev Skakklub"]
[BlackTeam "Roskilde Skakklub"]

1. e4 d5 2. exd5 Qxd5 3. Nc3 Qa5 4. d4 c6 5. Nf3 g6 6. Bc4 e6 7. O-O Nf6 8. Qe2
Bg7 9. Bd2 Qc7 10. Ne5 Nbd7 11. Nxf7 Nf8 12. Nxh8 Bxh8 13. Ne4 Nd5 14. c3 b5
15. Bb3 a5 16. a4 bxa4 17. Bxd5 cxd5 18. Nc5 Qc6 19. Rfe1 e5 20. Qd1 e4 21.
Qxa4 Qxa4 22. Rxa4 Nd7 23. b4 Nxc5 24. bxc5 Bd7 25. Ra3 a4 26. f3 Bc6 27. Bf4
Bg7 28. Kf2 Kd7 29. fxe4 dxe4 30. Rb1 Rf8 31. Ke3 Rf5 32. h4 h6 33. g4 Rf7 34.
Rb6 g5 35. hxg5 hxg5 36. Bxg5 Rf3+ 37. Ke2 Bf8 38. Be3 Rg3 39. g5 Be7 40. Rxc6
Kxc6 41. Rxa4 Rg2+ 42. Kf1 Rg3 43. Kf2 Rf3+ 44. Ke2 Rg3 45. Ra6+ Kd5 46. Ra7
Bxg5 47. Bxg5 Rxg5 48. Rd7+ Kc4 49. Ke3 Kxc3 50. c6 Rg8 51. c7 Rc8 52. d5 1-0